000 00955nam a2200301Ia 4500
001 8052
003 IT-RoPAU
008 130308s9999 xx 000 0 und d
040 _aIT-RoPAU
040 _cIT-RoPAU
041 _aFRANCESE
100 _aLandowski Eric
100 _gCodice Aut. SPICS: 4892
245 _aDu politique au politologique
245 _bIntroduction a L'Analyse Du Discours En Sciences Sociales
250 _a1a ed.
260 _aPARIS
260 _bHachette
260 _c1979 [1° Ed.:1979 - Ed.Ling.Originale:1979]
300 _a"25 p. (prefazione: no ; testo: 25 [pagine: 103-127])"
500 _aDal Politico a Politologico Analisi di un Articolo di Andre' Siegfried Organizzazione sintagmatica Modello Paradigmatico contenuti Semiotici e Criteri di Scientificita'
650 _aSAGGI DI SEMIOLOGIA
650 _eCodice materia Spics: 3257
942 _cBK
957 _71
999 _c41485
_d41485
999 _bSI
999 _g1